[Event "Muensterland op 32d"]
[Site "Senden"]
[Date "2014.10.11"]
[Round "1"]
[White "Paehtz, Thomas Sr"]
[Black "Raddatz, Uwe"]
[Result "1-0"]
[WhiteElo "2362"]
[BlackElo "1950"]
[PlyCount "57"]
[EventDate "2014.10.??"]
[EventType "swiss"]
[EventRounds "9"]
[EventCountry "GER"]
[SourceTitle "EXT 2017"]
[Source "ChessBase"]
[SourceDate "2016.10.25"]
[SourceVersion "1"]
[SourceVersionDate "2016.10.25"]
[SourceQuality "1"]

1. e4 d6 2. d4 g6 3. Nc3 Bg7 4. Be3 Nf6 5. h3 Nbd7 6. Nf3 0-0 7. e5 Ne8 8. Qd2 c5 9. 0-0-0 cxd4 10. Bxd4 Qa5 11. exd6 Nxd6 12. Bxg7 Kxg7 13. Nd4 Nf6 14. g4 Rd8 15. Nb3 Qb4 16. a3 Qb6 17. g5 Nh5 18. Nd5 Qc6 19. Bg2 Be6 20. Qd4+ f6 21. gxf6+ exf6 22. Nxf6 Qxg2 23. Nxh5+ Kh6 24. Qg7+ Kxh5 25. Qxh7+ Kg5 26. Rhg1 Qxg1 27. Rxg1+ Kf4 28. Qh4+ Ke5 29. Re1+ 1-0

[Event "Muensterland Regionalliga 1314"]
[Site "Germany"]
[Date "2013.11.16"]
[Round "3.8"]
[White "Raddatz, Uwe"]
[Black "Stopka, Tobias"]
[Result "1-0"]
[WhiteElo "1790"]
[BlackElo "1994"]
[PlyCount "80"]
[EventDate "2013.09.07"]
[EventType "team-tourn"]
[EventRounds "9"]
[EventCountry "GER"]
[SourceTitle "EXT 2015"]
[Source "ChessBase"]
[SourceDate "2014.11.20"]
[SourceVersion "1"]
[SourceVersionDate "2014.11.20"]
[SourceQuality "1"]
[WhiteTeam "Muenster SK III"]
[BlackTeam "Nienberge"]
[WhiteTeamCountry "GER"]
[BlackTeamCountry "GER"]

1. Nf3 f5 2. d4 Nf6 3. c4 g6 4. Nc3 Bg7 5. Bg5 d6 6. e3 0-0 7. Be2 Qe8 8. Nd5 Nxd5 9. cxd5 h6 10. Bf4 c6 11. dxc6 Nxc6 12. d5 Ne5 13. Bxe5 dxe5 14. 0-0 Qd8 15. Qb3 Kh7 16. Rac1 Rf6 17. Rc5 Rb6 18. Qc2 Bd7 19. Rc1 e4 20. Nd4 Be5 21. b3 Bd6 22. Rc4 Qh8 23. f4 exf3 24. Nxf3 Rb5 25. Rc7 Bxc7 26. Bxb5 Bb6 27. Bxd7 Bxe3+ 28. Kf1 Bxc1 29. Qxc1 Qd8 30. Be6 a5 31. Qc2 a4 32. b4 a3 33. h4 Qb6 34. Qc5 Qd6 35. h5 Rf8 36. hxg6+ Kxg6 37. Qxd6 exd6 38. Nd4 Kf6 39. Ke2 Ke5 40. Ke3 Rf6 1-0

[Event "Muensterland Verbandsklasse-B 0910"]
[Site "Germany"]
[Date "2010.02.20"]
[Round "7.8"]
[White "Radinger, Rudolf"]
[Black "Raddatz, Uwe"]
[Result "0-1"]
[WhiteElo "1602"]
[BlackElo "1876"]
[PlyCount "178"]
[EventDate "2009.09.19"]
[EventType "team-tourn"]
[EventRounds "9"]
[EventCountry "GER"]
[SourceTitle "EXT 2011"]
[Source "ChessBase"]
[SourceDate "2010.11.26"]
[SourceVersion "1"]
[SourceVersionDate "2010.11.26"]
[SourceQuality "1"]
[WhiteTeam "Beelen"]
[BlackTeam "Muenster SK III"]
[WhiteTeamCountry "GER"]
[BlackTeamCountry "GER"]

1. e4 g6 2. d4 Bg7 3. Nc3 c5 4. Nf3 cxd4 5. Nxd4 Nc6 6. Be3 d6 7. Qd2 Nf6 8. 0-0-0 Bd7 9. f3 h5 10. Kb1 a6 11. Nd5 Nxd5 12. exd5 Ne5 13. Be2 Qc7 14. Rhe1 Rc8 15. h3 Nc4 16. Bxc4 Qxc4 17. Nb3 Bf5 18. Rc1 h4 19. Bg5 Rc7 20. Qe2 f6 21. Qxc4 Rxc4 22. Be3 Kf7 23. Nd4 Bd7 24. Bf2 g5 25. Re2 f5 26. Rce1 Bf6 27. Rd1 g4 28. Ne6 Rg8 29. c3 b5 30. Bd4 gxf3 31. gxf3 Bxd4 32. Nxd4 f4 33. Rde1 Re8 34. Re4 Bxh3 35. Rxf4+ Kg6 36. Rxh4 Bf5+ 37. Nxf5 Kxf5 38. Rh7 Rc5 39. Rexe7 Rxe7 40. Rxe7 a5 41. Rh7 Kg6 42. Rh4 Rxd5 43. Kc2 Kg5 44. Rg4+ Kf5 45. Rh4 Kg5 46. Rg4+ Kf5 47. b3 Re5 48. Kd3 Re1 49. c4 b4 50. Rh4 Kg5 51. Rh8 Ra1 52. Rd8 Kf4 53. Rf8+ Ke5 54. f4+ Ke6 55. f5+ Ke7 56. Ra8 Rxa2 57. Ra6 Rb2 58. Rxa5 Rxb3+ 59. Kd4 Rb1 60. Kd5 b3 61. Rb5 b2 62. Kc6 Rc1 63. Rxb2 Rxc4+ 64. Kd5 Rc5+ 65. Ke4 Re5+ 66. Kf4 Kf6 67. Rb6 Rxf5+ 68. Ke4 Re5+ 69. Kd4 Ke6 70. Ra6 Rh5 71. Ra8 Rh4+ 72. Kd3 Ke5 73. Re8+ Kd5 74. Rd8 Rh3+ 75. Kd2 Ke5 76. Re8+ Kd4 77. Ra8 Rh2+ 78. Kd1 d5 79. Ra4+ Kd3 80. Ra3+ Ke4 81. Ra8 d4 82. Ra4 Ke3 83. Ra3+ d3 84. Kc1 Rh1+ 85. Kb2 Ke2 86. Ra8 Rh3 87. Re8+ Re3 88. Rxe3+ Kxe3 89. Kc1 Ke2 0-1

[Event "Muensterland Verbandsklasse-B 0506"]
[Site "Germany"]
[Date "2006.02.25"]
[Round "7.5"]
[White "Raddatz, Uwe"]
[Black "Bergemann, Martin"]
[Result "1/2-1/2"]
[WhiteElo "1883"]
[BlackElo "1922"]
[PlyCount "89"]
[EventDate "2005.09.03"]
[EventType "team-tourn"]
[EventRounds "9"]
[EventCountry "GER"]
[SourceTitle "EXT 2006"]
[Source "ChessBase"]
[SourceDate "2005.11.24"]
[SourceVersion "1"]
[SourceVersionDate "2005.11.24"]
[SourceQuality "1"]
[WhiteTeam "Muenster III"]
[BlackTeam "Raesfeld Erle"]
[WhiteTeamCountry "GER"]
[BlackTeamCountry "GER"]

1. d4 Nf6 2. c4 c5 3. d5 b5 4. cxb5 g6 5. Nc3 Bg7 6. e4 0-0 7. Nf3 Ne8 8. Be3 d6 9. Qd2 a6 10. Bh6 axb5 11. Bxg7 Nxg7 12. Bxb5 Ba6 13. Bxa6 Nxa6 14. 0-0 Qb6 15. g4 Rab8 16. Rab1 Qb7 17. e5 Qd7 18. h3 Rb4 19. Kh1 dxe5 20. a3 Rd4 21. Qe2 Nc7 22. Qxe5 Rd3 23. Qe4 c4 24. Ne5 Qc8 25. Nxd3 cxd3 26. Qxd3 h5 27. f3 Rd8 28. Qe4 e6 29. Rfd1 hxg4 30. hxg4 exd5 31. Nxd5 Nxd5 32. Rxd5 Re8 33. Qd3 Qb8 34. Rd6 Ne6 35. Re1 Kg7 36. b4 Qc7 37. Qd2 Qb7 38. Qd5 Rh8+ 39. Kg1 Qa7+ 40. Kf1 Rh1+ 41. Kg2 Nf4+ 42. Kxh1 Nxd5 43. Rxd5 Qf2 44. Rde5 Qxf3+ 45. Kh2 1/2-1/2

[Event "Muensterland Verbandsliga 0405"]
[Site "Muensterland"]
[Date "2005.02.19"]
[Round "6.6"]
[White "Raddatz, Uwe"]
[Black "Wienen, Hermann"]
[Result "1/2-1/2"]
[WhiteElo "1894"]
[BlackElo "1920"]
[PlyCount "42"]
[EventDate "2004.09.18"]
[EventType "team-tourn"]
[EventRounds "9"]
[EventCountry "GER"]
[SourceTitle "EXT 2006"]
[Source "ChessBase"]
[SourceDate "2005.11.24"]
[SourceVersion "1"]
[SourceVersionDate "2005.11.24"]
[SourceQuality "1"]
[WhiteTeam "Muenster III"]
[BlackTeam "Heiden"]
[WhiteTeamCountry "GER"]
[BlackTeamCountry "GER"]

1. c4 e5 2. Nc3 Nf6 3. g3 c6 4. Nf3 e4 5. Nd4 d5 6. cxd5 cxd5 7. Bg2 Nc6 8. Nxc6 bxc6 9. d3 exd3 10. Qxd3 Be7 11. 0-0 0-0 12. Rd1 Bg4 13. Bf3 Bxf3 14. Qxf3 Qb6 15. e3 Rad8 16. b3 Ne4 17. Nxe4 dxe4 18. Qe2 Rxd1+ 19. Qxd1 Rd8 20. Qc2 Qb4 21. Bb2 Rd2 1/2-1/2

[Event "GER Seniors Derby 03rd"]
[Site "Undeloh"]
[Date "2004.04.17"]
[Round "5"]
[White "Raddatz, Uwe"]
[Black "Weigend, Joachim"]
[Result "1/2-1/2"]
[WhiteElo "1893"]
[BlackElo "1913"]
[PlyCount "28"]
[EventDate "2004.04.15"]
[EventType "swiss"]
[EventRounds "7"]
[EventCountry "GER"]
[SourceTitle "EXT 2006"]
[Source "ChessBase"]
[SourceDate "2005.11.24"]
[SourceVersion "1"]
[SourceVersionDate "2005.11.24"]
[SourceQuality "1"]

1. f4 Nf6 2. b3 d5 3. Bb2 e6 4. Nf3 c5 5. e3 Be7 6. Be2 Nc6 7. 0-0 0-0 8. Ne5 Nd7 9. Nxd7 Bxd7 10. d3 Bf6 11. Qc1 Re8 12. Nd2 e5 13. fxe5 Bxe5 14. Bxe5 Nxe5 1/2-1/2

[Event "GER Seniors Derby 03rd"]
[Site "Undeloh"]
[Date "2004.04.16"]
[Round "3"]
[White "Postler, Reinhard"]
[Black "Raddatz, Uwe"]
[Result "1-0"]
[WhiteElo "2245"]
[BlackElo "1893"]
[PlyCount "49"]
[EventDate "2004.04.15"]
[EventType "swiss"]
[EventRounds "7"]
[EventCountry "GER"]
[SourceTitle "EXT 2006"]
[Source "ChessBase"]
[SourceDate "2005.11.24"]
[SourceVersion "1"]
[SourceVersionDate "2005.11.24"]
[SourceQuality "1"]

1. e4 c5 2. Nf3 e6 3. d4 cxd4 4. Nxd4 a6 5. Bd3 Nc6 6. Nxc6 dxc6 7. Be3 e5 8. Nd2 Bd6 9. Nc4 Bc7 10. a4 b5 11. Nd2 Bd7 12. 0-0 Nf6 13. f3 0-0 14. Qe2 Be6 15. c4 b4 16. c5 a5 17. Bc4 Qe7 18. Bxe6 Qxe6 19. Nc4 Nd7 20. Rfd1 Qe7 21. Nb6 Bxb6 22. cxb6 Rfb8 23. Qc4 Nxb6 24. Qxc6 Qe6 25. Rd6 1-0

[Event "GER Seniors Derby 03rd"]
[Site "Undeloh"]
[Date "2004.04.16"]
[Round "4"]
[White "Raddatz, Uwe"]
[Black "Mersinger, Winfried"]
[Result "1/2-1/2"]
[WhiteElo "1893"]
[BlackElo "1650"]
[PlyCount "41"]
[EventDate "2004.04.15"]
[EventType "swiss"]
[EventRounds "7"]
[EventCountry "GER"]
[SourceTitle "EXT 2006"]
[Source "ChessBase"]
[SourceDate "2005.11.24"]
[SourceVersion "1"]
[SourceVersionDate "2005.11.24"]
[SourceQuality "1"]

1. Nf3 c5 2. c4 Nc6 3. g3 g6 4. Bg2 Bg7 5. 0-0 Nf6 6. Nc3 0-0 7. d3 d6 8. a3 a6 9. Rb1 Rb8 10. b4 cxb4 11. axb4 Ng4 12. Qc2 Bd7 13. b5 axb5 14. Nxb5 Nce5 15. Bb2 Nxf3+ 16. Bxf3 Ne5 17. Bg2 Bc6 18. Bc3 Bxg2 19. Kxg2 Nc6 20. Bxg7 Kxg7 21. Ra1 1/2-1/2

[Event "Muensterland Verbandsklasse-A 0203"]
[Site "Muensterland"]
[Date "2003.02.15"]
[Round "6.8"]
[White "Schulte, Ralf"]
[Black "Raddatz, Uwe"]
[Result "1/2-1/2"]
[WhiteElo "1714"]
[BlackElo "1896"]
[PlyCount "165"]
[EventDate "2002.09.28"]
[EventType "team-tourn"]
[EventRounds "9"]
[EventCountry "GER"]
[SourceTitle "EXT 2004"]
[Source "ChessBase"]
[SourceDate "2003.11.25"]
[SourceVersion "1"]
[SourceVersionDate "2003.11.25"]
[SourceQuality "1"]
[WhiteTeam "Emsdetten Rochade"]
[BlackTeam "Muenster SK III"]
[WhiteTeamCountry "GER"]
[BlackTeamCountry "GER"]

1. d4 Nf6 2. c4 e6 3. Nf3 b6 4. Nc3 Bb7 5. Bg5 h6 6. Bh4 Be7 7. e3 0-0 8. Bd3 d5 9. 0-0 Nbd7 10. cxd5 exd5 11. Rc1 c5 12. Bb1 c4 13. Re1 Ne4 14. Bxe7 Qxe7 15. Nxe4 dxe4 16. Nd2 b5 17. b3 cxb3 18. Qxb3 Nf6 19. Qxb5 Rfc8 20. Qf5 Qe6 21. Qxe6 fxe6 22. Nb3 Kf7 23. Rxc8 Rxc8 24. Rc1 Rxc1+ 25. Nxc1 Ke7 26. Nb3 Kd6 27. Nc5 Bc6 28. Kf1 e5 29. Nb3 Kd5 30. dxe5 Kxe5 31. Nd4 Bd7 32. Bc2 Ng4 33. h3 Nf6 34. Ke1 g5 35. Bb3 h5 36. Bc4 Nd5 37. Kd2 Nb6 38. Bf7 h4 39. Nb3 g4 40. Nc5 Bc8 41. hxg4 Bxg4 42. Ke1 Nd5 43. Kf1 h3 44. gxh3 Bxh3+ 45. Ke1 Bf5 46. Kd2 Nf6 47. Bc4 Ng4 48. Ke2 Kd6 49. Nb3 Ne5 50. Ba6 Bg4+ 51. Kd2 Be6 52. Bb7 Ng4 53. Ke1 Nf6 54. f3 exf3 55. Bxf3 Nd5 56. Bxd5 Bxd5 57. Kd2 a5 58. Kc3 a4 59. Nc1 Ke5 60. a3 Ke4 61. Kd2 Bc6 62. Ne2 Kd5 63. Kc3 Ke4 64. Nd4 Be8 65. Kd2 Bd7 66. Nc2 Bf5 67. Kc3 Kd5 68. Nd4 Bd7 69. Kd3 Be8 70. e4+ Ke5 71. Nf3+ Kf4 72. Nd2 Ke5 73. Ke3 Bc6 74. Nc4+ Ke6 75. Kd4 Bb5 76. Kc5 Be8 77. e5 Bh5 78. Kd4 Be2 79. Kc5 Bxc4 80. Kxc4 Kxe5 81. Kb5 Kd5 82. Kxa4 Kc6 83. Ka5 1/2-1/2